Štátne kúpele Štós Liečebný dom Bratislava

Zobrazenie: Pohľad zboku, sprava na budovu. Na prvom poschodí vľavo, na balkóne stojí muž. V popredí vpravo sa rozdvojuje chodník a jedna jeho časť ide popred budovu a druhá napravo od budovy. Vedľa budovy vpravo, za chodníkom sú ihličnaté stromy. Za budovou vľavo sú stromy. V ľavom dolnom rohu sú k...

Full description

Bibliographic Details
Format: Postcard
Language:Slovak
PhysicalDescription:1 pohľadnica čiernobiela 11 x 15 cm
Published: Martin Bratislava Osveta, n. p. PŠK - HSV 1957
Subjects:

MARC

LEADER 00000nkm a2200000 a 4500
001 vtls011981249
003 SK-MaSNL
005 20260512123156.0
007 kp bo
008 231120s1957 xo g kuslo
015 |a SNBG1957 
035 |a urn:nbn:sk:snk-km00ehoh 
035 |a urn:nbn:sk:snk-km45xsm 
035 |a 5D3B281F-52DD-4FF2-9B75-3EB5625C85B5 
040 |a SNK  |b slo  |c SNK  |e AACR2 
041 0 |a slo 
043 |a e-xo--- 
044 |a xo  |c SK 
072 7 |a 913  |x Regionálna geografia  |2 konspekt 
080 |a 913(437.6)  |2 2011 
080 |a 711.455:615.838  |2 2011 
080 |a (084.121)  |2 2011 
080 |a 614.2:[725.1:614.21]  |2 2011 
245 0 0 |a Štátne kúpele Štós  |h grafika  |b Liečebný dom Bratislava 
260 |a Martin  |b Osveta, n. p.  |a Bratislava  |b PŠK - HSV  |c 1957 
300 |a 1 pohľadnica  |b čiernobiela  |c 11 x 15 cm 
520 8 |a Zobrazenie: Pohľad zboku, sprava na budovu. Na prvom poschodí vľavo, na balkóne stojí muž. V popredí vpravo sa rozdvojuje chodník a jedna jeho časť ide popred budovu a druhá napravo od budovy. Vedľa budovy vpravo, za chodníkom sú ihličnaté stromy. Za budovou vľavo sú stromy. V ľavom dolnom rohu sú kríky , za ktorými sú stromy 
610 2 7 |a Štátne kúpele (Štós, Slovensko)  |2 SNKKA  |9 364240 
610 2 7 |a Liečebný dom Bratislava (Štós, Slovensko)  |2 SNKKA  |9 358938 
650 0 7 |a kúpele  |2 SNKPH  |9 1139 
650 0 7 |a liečebne  |2 SNKPH  |9 56920 
651 7 |a Štós (Slovensko)  |2 SNKPHgeo  |9 29674 
655 7 |a miestne pohľadnice  |2 SNKPH  |9 70510 
852 |a Slovenská národná knižnica 
954 |a pohľadnice pôvodné (slovenské)  |2 lita 
958 |a GBN 
958 |a GC 
958 |a OND 
958 |a EUIPO 
999 |c 694513  |d 696443 
952 |a SNK  |b SNK  |y PREZ  |7 0  |p 17A1224415  |o snkSP 23605  |0 0  |1 0  |4 0  |d 2020-07-13  |f 1  |l 0  |r 2026-02-23 20:38:18  |w 2026-02-23 
952 |a SNK  |b SNK  |y PREZ  |7 0  |p 17A1412087  |o snkSP 23605 D1  |z Pohľadnica prešla poštou.  |0 0  |1 0  |4 0  |d 2020-07-13  |l 0  |r 2026-02-23 20:38:18  |w 2026-02-23